00358 2200157 4500001002100000005001500021035002000036245003800056100001200094300001100106260002700117082000800144084001400152020002200166990001200188INLIS00000000000182120250507072419 a0010-05250001131 aJajanan Khas Indonesia /cAzzahro0 aAzzahro a40 hlm aJakarta :bDaffa Media a600 a600 AZZ j a978-602-196-461-3 a0754735